Normal view
MARC view
- Grjakhi, javed
Entry Personal Name
001 - CONTROL NUMBER
- control field: 16408
003 - CONTROL NUMBER IDENTIFIER
- control field: NUST
005 - DATE AND TIME OF LATEST TRANSACTION
- control field: 20190702110516.0
008 - FIXED-LENGTH DATA ELEMENTS
- fixed length control field: 190702|| aca||aabn | a|a d
040 ## - CATALOGING SOURCE
- Original cataloging agency: NUST
- Transcribing agency: NUST
100 ## - HEADING--PERSONAL NAME
- Personal name: Grjakhi, javed
670 ## - SOURCE DATA FOUND
- Source citation: Work cat.: (NUST): Grjakhi, javed, Apni wasti /, 1995.
